| Tag |
First Indicator |
Second Indicator |
Subfields |
| LEADER |
00000cam a2200000 a 4500 |
| 001 |
in00000079194 |
| 005 |
20151008060751.0 |
| 008 |
800911s1980 iluab b 00000 eng d |
| 020 |
|
|
|a 0875631886
|
| 035 |
|
|
|a (OCoLC)06699269
|
| 035 |
|
|
|9 AAJ6526AM
|
| 040 |
|
|
|a YCM
|c YCM
|d TXA
|d UtOrBLW
|
| 049 |
|
|
|a TXAM
|c [802173]
|
| 090 |
|
|
|a GV217
|b .S66 1980
|
| 245 |
0 |
0 |
|a Sport and physical education around the world /
|c edited by William Johnson.
|
| 264 |
|
1 |
|a Champaign, Ill. :
|b Stipes Publishing Co.,
|c [1980]
|
| 264 |
|
4 |
|c ©1980
|
| 300 |
|
|
|a xiii, 615 pages :
|b illustrations, maps ;
|c 23 cm.
|
| 336 |
|
|
|a text
|b txt
|2 rdacontent
|
| 337 |
|
|
|a unmediated
|b n
|2 rdamedia
|
| 338 |
|
|
|a volume
|b nc
|2 rdacarrier
|
| 500 |
|
|
|a Updating of selected articles published in Physical education around the world, edited by W. Johnson.
|
| 504 |
|
|
|a Includes bibliographies.
|
| 650 |
|
0 |
|a Physical education and training.
|
| 650 |
|
0 |
|a Sports.
|
| 700 |
1 |
|
|a Johnson, William,
|d 1915-
|
| 740 |
0 |
|
|a Physical education around the world.
|
| 999 |
|
|
|a MARS
|
| 999 |
f |
f |
|s 337fe9f1-78a4-37d0-ae83-f200a0061bf3
|i 768d4c3d-0a7b-36dc-b2a4-351e0c75e04c
|t 0
|
| 952 |
f |
f |
|p ric
|a Texas A&M University
|b Rellis Campus
|c Joint Library Facility
|d Remote Storage
|t 0
|e GV217 .S66 1980
|h Library of Congress classification
|i unmediated -- volume
|m A14806115680
|
| 998 |
f |
f |
|a GV217 .S66 1980
|t 0
|l Remote Storage
|